Cuentos latinoamericanos : (Registro nro. 404)
[ vista simple ]
| 000 -LEADER | |
|---|---|
| fixed length control field | 01512nam a22003977a 4500 |
| 003 - CONTROL NUMBER IDENTIFIER | |
| control field | AR-RoUNCS |
| 005 - DATE AND TIME OF LATEST TRANSACTION | |
| control field | 20260415145049.0 |
| 007 - PHYSICAL DESCRIPTION FIXED FIELD--GENERAL INFORMATION | |
| fixed length control field | ta |
| 008 - FIXED-LENGTH DATA ELEMENTS--GENERAL INFORMATION | |
| fixed length control field | 241213s2003 ag |||||r|||| 00| 1 spa d |
| 020 ## - INTERNATIONAL STANDARD BOOK NUMBER | |
| International Standard Book Number | 9789505118403 |
| 040 ## - CATALOGING SOURCE | |
| Transcribing agency | AR-RoUNCS |
| Original cataloging agency | AR-RoUNCS |
| Language of cataloging | spa |
| 041 ## - LANGUAGE CODE | |
| Language code of text/sound track or separate title | spa |
| 080 ## - UNIVERSAL DECIMAL CLASSIFICATION NUMBER | |
| Authority record control number or standard number | 82-34(7+8) |
| 245 00 - TITLE STATEMENT | |
| Title | Cuentos latinoamericanos : |
| Remainder of title | antología / |
| Statement of responsibility, etc. | edición y prólogo Conrado Zuluaga. |
| 250 ## - EDITION STATEMENT | |
| Edition statement | 1a ed. |
| 260 ## - PUBLICATION, DISTRIBUTION, ETC. | |
| Place of publication, distribution, etc. | Buenos Aires : |
| Name of publisher, distributor, etc. | Alfaguara, |
| Date of publication, distribution, etc. | 2003. |
| 300 ## - PHYSICAL DESCRIPTION | |
| Extent | 134 p. ; |
| Dimensions | 22 cm. |
| 490 ## - SERIES STATEMENT | |
| Series statement | Juvenil |
| 505 ## - FORMATTED CONTENTS NOTE | |
| Title | Hombre de la esquina rosada / |
| Statement of responsibility | Jorge Luis Borges. |
| 505 ## - FORMATTED CONTENTS NOTE | |
| Title | Los fugitivos / |
| Statement of responsibility | Alejo Carpentier. |
| 505 ## - FORMATTED CONTENTS NOTE | |
| Title | Autopista del Sur / |
| Statement of responsibility | Julio Cortázar. |
| 505 ## - FORMATTED CONTENTS NOTE | |
| Title | Nos han dado la tierra / |
| Statement of responsibility | Juan Rulfo. |
| 505 ## - FORMATTED CONTENTS NOTE | |
| Title | Recuerdo de las sierras / |
| Statement of responsibility | Adolfo Bioy Casares. |
| 505 ## - FORMATTED CONTENTS NOTE | |
| Title | En este pueblo no hay ladrones / |
| Statement of responsibility | Gabriel García Márquez. |
| 520 ## - SUMMARY, ETC. | |
| Summary, etc. | Este volumen reúne seis cuentos de seis maestros indiscutibles. Y hasta el más desprevenido lector reconoce que ellos, con su oficio solitario, han engrandecido el arte literario latinoamericano. |
| 650 #4 - SUBJECT ADDED ENTRY--TOPICAL TERM | |
| Topical term or geographic name entry element | LITERATURA LATINOAMERICANA |
| 655 #4 - INDEX TERM--GENRE/FORM | |
| Genre/form data or focus term | CUENTOS |
| 700 1# - ADDED ENTRY--PERSONAL NAME | |
| Personal name | Zuluaga, Conrado, |
| Relator term | editor |
| -- | prologuista |
| 700 1# - ADDED ENTRY--PERSONAL NAME | |
| Personal name | Borges, Jorge Luis |
| Relator term | autor |
| 700 1# - ADDED ENTRY--PERSONAL NAME | |
| Personal name | Carpentier, Alejandro |
| Relator term | autor |
| 700 1# - ADDED ENTRY--PERSONAL NAME | |
| Personal name | Cortázar , Julio |
| Relator term | autor |
| 700 1# - ADDED ENTRY--PERSONAL NAME | |
| Personal name | Rulfo, Juan |
| Relator term | autor |
| 700 1# - ADDED ENTRY--PERSONAL NAME | |
| Personal name | Bioy Casares, Adolfo |
| Relator term | autor |
| 700 1# - ADDED ENTRY--PERSONAL NAME | |
| Personal name | García Márquez, Gabriel |
| Relator term | autor |
| 942 ## - ADDED ENTRY ELEMENTS (KOHA) | |
| Source of classification or shelving scheme | Universal Decimal Classification |
| Koha item type | Obra General |
| Suppress in OPAC | No |
| Withdrawn status | Lost status | Source of classification or shelving scheme | Damaged status | Not for loan | Collection | Home library | Current library | Date acquired | Source of acquisition | Total checkouts | Full call number | Barcode | Date last seen | Price effective from | Koha item type |
|---|---|---|---|---|---|---|---|---|---|---|---|---|---|---|---|
| Universal Decimal Classification | Colección General | Biblioteca Escuela de Ciencias Sociales | Biblioteca Escuela de Ciencias Sociales | 13/12/2024 | Donación 2024 | 82-34(7+8) C965 | 001324 | 13/12/2024 | 13/12/2024 | Obra General |